Loading...
| Current Events | 2 | 15.00 | 100% | 50% | 0% |
| Fine Arts - Classical Music | 7 | 20.00 | 86% | 100% | 14% |
| Fine Arts - Other Fine Arts | 6 | 16.67 | 83% | 50% | 33% |
| Fine Arts - Painting and Sculpture | 8 | 20.00 | 88% | 100% | 13% |
| History - American History | 2 | 10.00 | 100% | 0% | 0% |
| History - European History | 7 | 25.71 | 100% | 100% | 57% |
| History - Other History | 8 | 13.75 | 100% | 25% | 13% |
| History - World History | 6 | 20.00 | 100% | 67% | 33% |
| Literature - American Literature | 8 | 10.00 | 75% | 13% | 13% |
| Literature - British Literature | 6 | 10.00 | 67% | 33% | 0% |
| Literature - European Literature | 6 | 20.00 | 100% | 100% | 0% |
| Literature - World Literature | 9 | 15.56 | 89% | 56% | 11% |
| Mythology | 8 | 17.50 | 100% | 50% | 25% |
| Other Academic | 2 | 20.00 | 100% | 100% | 0% |
| Philosophy | 7 | 11.43 | 71% | 29% | 14% |
| Pop Culture | 1 | 20.00 | 100% | 100% | 0% |
| Religion | 6 | 10.00 | 83% | 0% | 17% |
| Science - Biology | 4 | 17.50 | 100% | 25% | 50% |
| Science - Chemistry | 7 | 15.71 | 100% | 57% | 0% |
| Science - Other Science | 5 | 22.00 | 100% | 80% | 40% |
| Science - Physics | 7 | 14.29 | 86% | 43% | 14% |
| Social Science | 5 | 12.00 | 100% | 20% | 0% |